El renacimiento del Islam / (Record no. 104049)

MARC details
000 -LEADER
campo de control de longitud fija 00589nam a2200181 i 4500
001 - NÚMERO DE CONTROL
campo de control 104049
003 - IDENTIFICADOR DE NÚMERO DE CONTROL
campo de control ES-MaACL
005 - FECHA Y HORA DE LA ÚLTIMA TRANSACCIÓN
campo de control 20230906183511.0
007 - CAMPO FIJO DE DESCRIPCIÓN FÍSICA--INFORMACIÓN GENERAL
campo de control de longitud fija t|
008 - DATOS DE LONGITUD FIJA--INFORMACIÓN GENERAL
campo de control de longitud fija 051122s1936 sp ||||1| spa d
100 1# - ENTRADA PRINCIPAL--NOMBRE DE PERSONA
Nombre de persona Mez, Adam.
9 (RLIN) 80822
245 13 - MENCIÓN DEL TÍTULO
Título El renacimiento del Islam /
Mención de responsabilidad, etc. A. Mez; traducción del alemán por Salvador Vila.
260 ## - PUBLICACIÓN, DISTRIBUCIÓN, ETC.
Lugar de publicación, distribución, etc. Madrid :
Nombre del editor, distribuidor, etc. Estanislao Maestre,
Fecha de publicación, distribución, etc. 1936.
300 ## - DESCRIPCIÓN FÍSICA
Extensión 641 p. ;
Dimensiones 24 cm.
500 ## - NOTA GENERAL
Nota general Publicaciones de las Escuelas de Estudios Arabes de Madrid y Granada. Serie A, nº 4.
700 1# - ENTRADA AGREGADA--NOMBRE PERSONAL
Nombre de persona Vila, Salvador.
9 (RLIN) 114704
852 ## - LOCALIZACIÓN
Ubicación ES-MaACL
Número de control de estantería A-4306
Holdings
Estatus retirado Estado de pérdida Estado de daño No para préstamo Biblioteca de origen Biblioteca actual Ubicación en estantería Fecha de adquisición Fuente de adquisición Total de préstamos Signatura topográfica completa Código de barras Visto por última vez Precio de reemplazo Tipo de ítem Koha
        Biblioteca del Ateneo de Madrid Biblioteca del Ateneo de Madrid Sala Pecera Planta 1 17/01/2008     A-4306 1108636 23/02/2023 23/02/2023 Libro impreso